00617nam a2200181Ia 4500003000900000008004100009040001600050080001300066100002700079245011700106260005200223300001000275650002200285650001700307942000700324999001500331952008900346IN-BaIIA211028s9999 xx 000 0 eng d cIIA Library a523bCAM aCameron, A. G. W98280 0aPhysics of the solar systembbased on a course of lectures given at Yale University, 1963-1964cA. G. W. Cameron aConnecticut, U.S.AbYale University Pressc1964 a490p. aAstrophysics9794 aSolar system cBK c4677d4677 00104070aBANbBANcGENd1975-02-12l0o523/ CAMp5222r2021-11-05w1975-02-12yBK